200 Biggest Cities in the World 2022 - Statistics

General Stats
  • This quiz has been taken 103 times
    61 since last reset
  • The average score is 117 of 200
Answer Stats
Population City Country % Correct
21,333,332 Beijing China
98%
37,274,000 Tokyo Japan
98%
32,065,760 Delhi India
96%
21,750,020 Cairo Egypt
93%
22,085,140 Mexico City Mexico
93%
11,074,811 Jakarta Indonesia
91%
20,961,472 Mumbai India
91%
28,516,904 Shanghai China
91%
13,964,637 Guangzhou China
89%
9,540,576 London United Kingdom
89%
8,177,020 New York City United States
89%
13,634,274 Rio De Janeiro Brazil
89%
22,429,800 Sao Paulo Brazil
89%
5,056,571 Sydney Australia
89%
3,985,520 Los Angeles United States
87%
6,713,557 Madrid Spain
87%
12,640,818 Moscow Russia
87%
11,142,303 Paris France
87%
4,297,877 Rome Italy
87%
6,039,577 Singapore Singapore
87%
5,309,690 Ankara Turkey
85%
7,511,920 Baghdad Iraq
85%
15,369,919 Buenos Aires Argentina
85%
22,478,116 Dhaka Bangladesh
85%
15,636,243 Istanbul Turkey
85%
6,065,354 Johannesburg South Africa
85%
16,839,950 Karachi Pakistan
85%
2,986,162 Lisbon Portugal
85%
14,406,059 Manila Philippines
85%
5,150,766 Melbourne Australia
85%
5,118,844 Nairobi Kenya
85%
19,059,856 Osaka Japan
85%
3,132,527 Pyongyang North Korea
85%
9,975,709 Seoul South Korea
85%
9,381,546 Tehran Iran
85%
5,227,794 Addis Ababa Ethiopia
83%
11,344,312 Bogota Colombia
83%
4,803,877 Brasilia Brazil
83%
2,671,640 Chicago United States
83%
4,457,882 Kabul Afghanistan
83%
8,419,566 Kuala Lumpur Malaysia
83%
15,387,639 Lagos Nigeria
83%
11,044,607 Lima Peru
83%
2,770,434 Manchester United Kingdom
83%
4,343,584 Tel Aviv Israel
83%
5,483,605 Alexandria Egypt
80%
10,899,698 Bangkok Thailand
80%
2,964,382 Dubai United Arab Emirates
80%
9,077,158 Ho Chi Minh City Vietnam
80%
6,160,327 Khartoum Sudan
80%
15,133,888 Kolkata India
80%
7,538,200 Riyadh Saudi Arabia
80%
5,535,556 Saint Petersburg Russia
80%
6,856,939 Santiago Chile
80%
2,742,379 Taipei Taiwan
80%
6,312,974 Toronto Canada
80%
8,591,611 Wuhan China
80%
3,153,781 Athens Greece
78%
3,570,750 Berlin Germany
78%
5,339,583 Guadalajara Mexico
78%
5,067,352 Hanoi Vietnam
78%
15,628,085 Kinshasa DR Congo
78%
13,541,764 Lahore Pakistan
78%
8,952,496 Luanda Angola
78%
2,605,402 Accra Ghana
76%
13,193,035 Bangalore India
76%
5,658,472 Barcelona Spain
76%
2,645,598 Birmingham United Kingdom
76%
4,800,954 Cape Town South Africa
76%
3,840,396 Casablanca Morocco
76%
2,502,761 Damascus Syria
76%
7,643,256 Hong Kong China
76%
3,238,523 Kuwait City Kuwait
76%
4,276,526 Montreal Canada
76%
3,652,029 Abuja Nigeria
74%
2,956,813 Caracas Venezuela
74%
9,478,521 Chengdu China
74%
11,503,293 Chennai India
74%
10,534,418 Hyderabad India
74%
8,537,646 Xi An Shaanxi China
74%
2,853,959 Algiers Algeria
72%
6,194,292 Belo Horizonte Brazil
72%
3,326,001 Dakar Senegal
72%
3,036,405 Guatemala City Guatemala
72%
3,010,209 Kiev Ukraine
72%
3,149,223 Milan Italy
72%
5,036,535 Monterrey Mexico
72%
9,571,596 Nagoya Japan
72%
3,181,655 Sanaa Yemen
72%
2,631,690 Vancouver Canada
72%
5,514,454 Yangon Myanmar
72%
2,472,222 Brisbane Australia
70%
7,404,689 Dar Es Salaam Tanzania
70%
2,915,276 Port Au Prince Haiti
70%
2,573,758 Tashkent Uzbekistan
70%
5,515,790 Abidjan Ivory Coast
67%
8,450,228 Ahmedabad India
67%
3,452,315 Asuncion Paraguay
67%
3,199,329 Durban South Africa
67%
3,457,626 Santo Domingo Dominican Republic
67%
14,011,828 Tianjin China
67%
16,874,740 Chongqing China
65%
4,106,756 Jaipur India
65%
3,651,919 Kampala Uganda
65%
4,067,758 Medellin Colombia
65%
2,739,768 Pretoria South Africa
65%
3,862,882 Xiamen China
65%
3,468,139 Busan South Korea
63%
8,044,878 Hangzhou China
63%
4,219,209 Kano Nigeria
63%
2,497,463 Mogadishu Somalia
63%
6,987,077 Pune India
63%
3,920,132 Salvador Brazil
63%
2,552,813 Brazzaville Republic of the Congo
61%
5,502,591 Fukuoka Japan
61%
6,665,951 Haerbin China
61%
4,220,458 Recife Brazil
61%
12,831,330 Shenzhen China
61%
4,336,670 Yaounde Cameroon
61%
3,699,900 Antananarivo Madagascar
59%
5,252,842 Chittagong Bangladesh
59%
3,294,779 Puebla Mexico
59%
2,668,982 Sapporo Japan
59%
3,005,385 Surabaya Indonesia
59%
2,638,090 Bandung Indonesia
57%
2,836,747 Cali Colombia
57%
4,163,953 Fortaleza Brazil
57%
3,056,149 Izmir Turkey
57%
4,185,488 Porto Alegre Brazil
57%
5,865,232 Qingdao China
57%
7,527,975 Shenyang China
57%
2,816,943 Bamako Mali
54%
9,429,381 Nanjing China
54%
7,784,276 Surat India
54%
3,854,224 Lucknow India
50%
3,041,789 Lusaka Zambia
50%
3,055,788 Ouagadougou Burkina Faso
50%
4,710,203 Urumqi China
50%
3,092,355 Guayaquil Ecuador
48%
4,496,456 Hefei China
48%
3,770,919 Curitiba Brazil
46%
3,926,645 Douala Cameroon
46%
4,657,381 Kunming China
46%
4,809,887 Changsha China
43%
5,930,140 Dalian China
43%
3,756,445 Ibadan Nigeria
43%
4,490,411 Shantou China
43%
4,405,292 Ningbo China
41%
2,991,427 Nagpur India
37%
4,085,697 Nanning China
37%
3,324,694 Port Harcourt Nigeria
37%
3,624,804 Faisalabad Pakistan
35%
2,800,919 Goiania Brazil
35%
3,208,722 Indore India
35%
3,189,926 Kanpur India
35%
3,317,640 Mashhad Iran
35%
3,824,561 Wenzhou China
35%
5,690,312 Zhengzhou China
35%
3,384,564 Campinas Brazil
33%
2,934,621 Coimbatore India
33%
7,511,851 Dongguan China
33%
2,505,183 Bhopal India
30%
3,630,326 Kumasi Ghana
30%
2,695,331 Lubumbashi DR Congo
30%
2,529,210 Patna India
30%
4,285,135 Shijiazhuang China
30%
7,764,499 Suzhou China
30%
3,301,294 Kochi India
26%
3,869,213 Changzhou China
24%
7,497,263 Foshan China
24%
3,226,493 Lanzhou China
24%
2,732,104 Zibo China
24%
3,817,888 Nanchang China
22%
3,375,810 Wuxi China
22%
4,616,002 Changchun China
20%
3,495,855 Guiyang China
20%
2,765,002 Mbuji Mayi DR Congo
17%
2,834,645 Weifang China
17%
2,684,343 Huizhou China
15%
2,689,227 Yantai China
15%
2,534,195 Luoyang China
13%
2,973,878 Zhongshan China
13%
2,879,079 Huaian China
11%
4,780,740 Jiddah Saudi Arabia
11%
2,793,173 Thiruvananthapuram India
11%
3,622,203 Bekasi Indonesia
9%
2,917,786 Handan China
7%
2,935,436 Shizuoka Japan
7%
2,942,149 Depok Indonesia
4%
3,351,322 Thrissur India
4%
3,920,873 Kozhikode India
2%
3,816,345 Malappuram India
2%
2,722,257 Shaoxing China
2%
4,044,660 Ekurhuleni South Africa
0%
3,843,753 Fuzhou Fujian China
0%
5,663,015 Ji Nan Shandong China
0%
4,061,003 Taiyuan Shanxi China
0%
3,693,292 Tangshan Hebei China
0%
2,575,626 Toluco De Lerdo Mexico
0%
4,470,672 Xinbei Taiwan
0%
No matching quizzes found
Score Distribution
Percent of People with Each Score
Percentile by Number Answered
Your Score History
You have not taken this quiz since the last reset